Szczegóły MARC21

Bóg bogaty w miłosierdzie : propozycje katechez na podstawie nauczania Jana Pawła II podczas pielgrzymki do Polski w 2002 : praca zbiorowa /

003 -Nazwa inst., której nr kontr. jest w polu 001 [,]
    • @
    • Nazwa instytucji, której n kontrolny jest w polu 001
    • NUKAT
005 -DATA I CZAS OSTATNIEJ MODYFIKACJI [,]
    • @
    • pole kontrolne
    • 20241231091355.0
020 -Międzynarod. znormalizowany nr książki - ISBN [ , ]
    • a
    • Numer ISBN
    • 8372219141 Find
040 -Instytucja sporządzająca opis [ , ]
    • a
    • Instytucja, która sporządziła opis (NP)
    • LUBL KUL/kl
    • c
    • Instytucja, która sporządziła rekord (NP)
    • LUBL KUL/kl
    • d
    • Instytucja, która zmodyfikowała rekord (P)
    • LUBL KUL/MC
    • d
    • Instytucja, która zmodyfikowała rekord (P)
    • WA U/JKs
    • d
    • Instytucja, która zmodyfikowała rekord (P)
    • LUBL KUL/GWs
942 -Rodzaj dokumentu [ , ]
    • c
    • Rodzaj dokumentu
    • Książka
245 -Strefa tytułu i oznaczenia odpowiedzialności [0,0]
    • a
    • Tytuł
    • Bóg bogaty w miłosierdzie : Find
    • b
    • Ciąg dalszy tytułu (NP)
    • propozycje katechez na podstawie nauczania Jana Pawła II podczas pielgrzymki do Polski w 2002 : praca zbiorowa / Find
    • c
    • Pozostałe elementy strefy tytułu i oznaczenia odpowiedzialności (NP)
    • pod red. Aliny Dziewięckiej, Zbigniewa Barcińskiego.
260 -Strefa adresu wydawniczego [ , ]
    • a
    • Miejsce wydania (P)
    • Kraków ;
    • a
    • Miejsce wydania (P)
    • Lublin :
    • b
    • Nazwa wydawcy (P)
    • Wydaw. M,
    • c
    • Data wydania (P)
    • 2004.
300 -Strefa opisu fizycznego [ , ]
    • a
    • Określenie formy książki i/lub objętość (NP)
    • 76 s. :
    • b
    • Oznaczenie ilustracji (NP)
    • tab. ;
    • c
    • Format (NP)
    • 24 cm.
336 -Typ zawartości [ , ]
    • a
    • Termin opisujący typ zawartości
    • Tekst
    • b
    • Kod określający zawartość
    • txt
    • 2
    • Źródło (terminu i kodu)
    • rdacontent
337 -Typ mediów [ , ]
    • a
    • Tryb odtwarzania
    • Bez urządzenia pośredniczącego
    • b
    • Kod typu mediów
    • n
    • 2
    • Źródło (terminu i kodu)
    • rdamedia
338 -Typ/rodzaj nośnika [ , ]
    • a
    • Hasło opisujące typ nośnika
    • Wolumin
    • b
    • Kod typu nośnika
    • nc
    • 2
    • Źródło (terminu i kodu)
    • rdacarrier
080 -Uniwersalna Klasyfikacja Dziesiętna [ , ]
    • a
    • Symbol klasyfikacji
    • 372.82
600 -Hasło przedmiotowe w formie nazwy osobowej [0,7]
    • a
    • Nazwa osobowa
    • Jan Paweł
    • b
    • Numeracja zwiazana z nazwą
    • II
    • c
    • Dopowiedzenie
    • (papież ;
    • d
    • Daty związane z nazwą
    • 1920-2005)
    • x
    • Określnik rzeczowy
    • nauczania.
    • 2
    • Źródło terminu
    • kaba
    • 9
    • KHW
    • 353849
650 -Hasło przedmiotowe [ ,7]
    • a
    • Hasło przedmiotowe
    • Katecheza
    • x
    • Określnik rzeczowy
    • podręczniki dla animatorów
    • x
    • Określnik rzeczowy
    • Kościół katolicki.
    • 2
    • Źródło terminu
    • kaba
    • 9
    • KHW
    • 648367
650 -Hasło przedmiotowe [ ,7]
    • a
    • Hasło przedmiotowe
    • Bóg
    • x
    • Określnik rzeczowy
    • miłosierdzie
    • x
    • Określnik rzeczowy
    • studia i nauczanie.
    • 2
    • Źródło terminu
    • kaba
    • 9
    • KHW
    • 443432
980 -Symbol UKD [ , ]
    • a
    • UKD
    • 372.82
700 -Hasło dodatkowe - nazwa osobowa [1, ]
    • a
    • Nazwa osobowa (NP)
    • Dziewięcka, Alina. Find
    • e
    • Określenie rodzaju współpracy
    • Red.
    • 9
    • KHW
    • 714786
700 -Hasło dodatkowe - nazwa osobowa [1, ]
    • a
    • Nazwa osobowa (NP)
    • Barciński, Zbigniew Find
    • d
    • Daty biograficzne (NP)
    • (1964- ).
    • e
    • Określenie rodzaju współpracy
    • Red.
    • 9
    • KHW
    • 714784
710 -Hasło dodatkowe - nazwa ciała zbiorowego [2, ]
    • a
    • Nazwa ciała zbiorowego lub nazwa geograficzna jako pierwszy element (NP)
    • Wydawnictwo M.
    • 4
    • Kod relacji
    • pbl
    • 9
    • KHW
    • 64182
920 -ISBN [ , ]
    • a
    • ISBN
    • 83-7221-914-1 Find
Data inwentaryzacji Lokalizacja Status udost. Numer inwentarzowy
2005-07-04BG1Pd.16942